[Event "5th Classic Open 2013"]
[Site "London ENG"]
[Date "2013.12.09"]
[Round "3.38"]
[White "Buchicchio, Giampaolo"]
[Black "Hill, Alistair"]
[Result "1-0"]
[WhiteTitle "FM"]
[WhiteElo "2312"]
[BlackElo "2097"]
[WhiteFideId "811491"]
[BlackFideId "432407"]
[EventDate "2013.12.07"]

1. e4 e5 2. Nf3 Nc6 3. d4 exd4 4. Nxd4 Nf6 5. Nxc6 bxc6 6. e5 Qe7 7. Qe2 Nd5 8.
c4 Ba6 9. b3 f6 10. Bb2 fxe5 11. Qh5+ g6 12. Qxe5 Nf6 13. Nd2 Qxe5+ 14. Bxe5 Bg7
15. O-O-O d6 16. Bb2 c5 17. Bd3 O-O 18. f3 Bb7 19. Kc2 Rae8 20. Rde1 Nh5 21.
Bxg7 Kxg7 22. g3 h6 23. Rhg1 Bc6 24. Rxe8 Rxe8 25. Be4 Bd7 26. Bd3 Bc6 27. Be4
Bd7 28. Rg2 Kf6 29. Nb1 Bf5 30. Nc3 Bxe4+ 31. Nxe4+ Kf7 32. Nc3 c6 33. a3 Ng7
34. Ne4 Re6 35. Kc3 Nf5 36. Rf2 a5 37. g4 Nh4 38. Kd3 Ke7 39. f4 Kd7 40. f5 Re7
41. Nf6+ Kd8 42. Ng8 Rb7 43. f6 Ke8 44. Kc3 h5 45. g5 Kf7 46. Ne7 a4 47. bxa4
Ra7 48. Kb3 Rb7+ 49. Ka2 Ra7 50. Kb3 Rb7+ 51. Ka2 Ra7 52. Nc8 Rd7 53. a5 Rd8 54.
Ne7 d5 55. Nxc6 Rd6 56. cxd5 Rxd5 57. a6 1-0

[Event "5th Classic Open 2013"]
[Site "London ENG"]
[Date "2013.12.09"]
[Round "3.40"]
[White "Carr, Neil L"]
[Black "Seymour, Timothy P"]
[Result "1-0"]
[WhiteTitle "FM"]
[WhiteElo "2275"]
[BlackElo "2094"]
[WhiteFideId "401048"]
[BlackFideId "412112"]
[EventDate "2013.12.07"]

1. e4 e5 2. Bc4 Nf6 3. d3 Nc6 4. Nf3 Bc5 5. c3 a6 6. Bb3 d6 7. Nbd2 Ba7 8. Nf1
h6 9. Ng3 O-O 10. Qe2 Re8 11. O-O Be6 12. h3 Qd7 13. Be3 Bxb3 14. axb3 Qe6 15.
b4 d5 16. Bxa7 Nxa7 17. Rfd1 Rad8 18. Nh4 Qb6 19. Nhf5 d4 20. Qd2 dxc3 21. bxc3
Rd7 22. Nxg7 Nxe4 23. Qe2 Nxf2 24. Nxe8 Nxd1+ 25. Kh2 Re7 26. Qg4+ Kf8 27. Nf5
Ne3 28. Qg7+ Kxe8 29. Nxe7 Kxe7 30. Qxe5+ Qe6 31. Qxc7+ Qd7 32. Qe5+ Qe6 33. Qg3
Nc2 34. Rc1 Qe2 35. Qc7+ Kf6 36. Qxb7 Ne1 37. Qe4 Qxe4 38. dxe4 Nd3 39. Ra1 Ke5
40. Rxa6 Nc8 41. Rxh6 Nd6 42. b5 Nxe4 43. Rc6 Nd6 44. c4 Nb4 45. Rc7 Kd4 46. b6
Na6 47. b7 1-0

[Event "5th Classic Open 2013"]
[Site "London ENG"]
[Date "2013.12.09"]
[Round "3.41"]
[White "Johannesson, Oliver"]
[Black "Roe, Simon J"]
[Result "1-0"]
[WhiteElo "2078"]
[BlackElo "2263"]
[WhiteFideId "2305623"]
[BlackFideId "401471"]
[EventDate "2013.12.07"]

1. d4 d5 2. c4 e6 3. Nc3 c5 4. cxd5 exd5 5. Nf3 Nc6 6. dxc5 Bxc5 7. Nxd5 Nf6 8.
Nxf6+ Qxf6 9. Qc2 Bb4+ 10. Bd2 O-O 11. e3 Bf5 12. Qb3 Bxd2+ 13. Nxd2 Rfd8 14.
Nf3 Rac8 15. Be2 Be6 16. Qa3 Qg6 17. O-O Bh3 18. Ne1 Ne5 19. Qa5 Qf5 20. Kh1 Qe4
21. Rc1 h6 22. Rxc8 Rxc8 23. Qd2 Be6 24. b3 b6 25. f3 Qh4 26. Nc2 Rd8 27. Qc3 f6
28. Nd4 Rc8 29. Qb2 Bd5 30. e4 1-0

[Event "5th Classic Open 2013"]
[Site "London ENG"]
[Date "2013.12.09"]
[Round "3.42"]
[White "Coleman, David J"]
[Black "Tsifanskaya, Ludmila A"]
[Result "1/2-1/2"]
[WhiteTitle "CM"]
[BlackTitle "WIM"]
[WhiteElo "2257"]
[BlackElo "2093"]
[WhiteFideId "402087"]
[BlackFideId "2802368"]
[EventDate "2013.12.07"]

1. e4 c5 2. Nf3 Nc6 3. d4 cxd4 4. Nxd4 Qb6 5. Nb3 Nf6 6. Nc3 e6 7. a3 Qc7 8. Be2
a6 9. Be3 b5 10. f4 d6 11. Bf3 Bb7 12. O-O Be7 13. Qe2 O-O 14. g4 Rab8 15. Qg2
b4 16. axb4 Nxb4 17. g5 Nd7 18. Nd4 Nb6 19. Rad1 Nc4 20. Bc1 e5 21. Nf5 exf4 22.
Bxf4 Ne5 23. Kh1 g6 24. Ne3 f5 25. Bxe5 fxe4 26. Bxe4 dxe5 27. Rxf8+ Bxf8 28.
Ned5 Nxd5 29. Nxd5 Bxd5 30. Bxd5+ Kh8 31. Rf1 Bg7 32. Rf7 Qa5 33. b3 Qe1+ 34.
Rf1 Qe3 35. h3 Rd8 36. Rf3 Qc1+ 37. Rf1 Qe3 38. Rf3 Qc1+ 39. Rf1 1/2-1/2

[Event "5th Classic Open 2013"]
[Site "London ENG"]
[Date "2013.12.09"]
[Round "3.43"]
[White "Persson, Mats"]
[Black "Villiers, Thomas"]
[Result "1-0"]
[WhiteElo "2250"]
[BlackElo "2078"]
[WhiteFideId "1708333"]
[BlackFideId "427209"]
[EventDate "2013.12.07"]

1. d4 Nf6 2. c4 e6 3. Nf3 b6 4. g3 Bb7 5. Bg2 Bb4+ 6. Bd2 Qe7 7. O-O O-O 8. Bf4
d5 9. c5 bxc5 10. a3 Ba5 11. dxc5 c6 12. Bd6 Qd8 13. Bxf8 Qxf8 14. b4 Bc7 15.
Nbd2 a5 16. Qc2 Ba6 17. Rfe1 Nbd7 18. e4 dxe4 19. Nxe4 Nd5 20. Nc3 N7f6 21. Nxd5
Nxd5 22. Nd4 axb4 23. Bxd5 cxd5 24. axb4 Bc4 25. Rxa8 Qxa8 26. Qc3 e5 27. Nf5 f6
28. Ra1 Qe8 29. Ne3 Bb5 30. Nxd5 Bd8 31. Qb3 Kf8 32. Ra8 Qd7 33. Ne3 Bc6 34. Ra1
Be7 35. Qc4 g6 36. Rb1 Bb5 37. Qd5 Qc7 38. Qe6 Bd7 39. Qxe7+ Kxe7 40. Nd5+ Kd8
41. Nxc7 Kxc7 42. b5 Bc8 43. Rd1 f5 44. Rd6 f4 45. gxf4 exf4 46. Rf6 g5 47. Rf7+
Kb8 48. c6 Be6 49. Rxh7 Bd5 50. Rh5 1-0

[Event "5th Classic Open 2013"]
[Site "London ENG"]
[Date "2013.12.09"]
[Round "3.44"]
[White "Bass, John W"]
[Black "Stephan, Axel"]
[Result "0-1"]
[WhiteElo "2048"]
[BlackElo "2250"]
[WhiteFideId "407925"]
[BlackFideId "4632834"]
[EventDate "2013.12.07"]

1. d4 g6 2. Nf3 Nf6 3. c4 Bg7 4. Nc3 d5 5. Bf4 O-O 6. Rc1 dxc4 7. e3 c5 8. dxc5
Qa5 9. Bxc4 Qxc5 10. Nb5 Be6 11. Qd4 Qf5 12. Bd3 Qg4 13. Bg3 Nc6 14. Qxg4 Bxg4
15. h3 Bxf3 16. gxf3 Nh5 17. Nc3 Rfd8 18. Ke2 Rac8 19. Rhd1 Kf8 20. Be4 Rxd1 21.
Kxd1 f5 22. Bxc6 Rxc6 23. Bb8 Bxc3 24. Rxc3 Rxc3 25. bxc3 a6 26. c4 Nf6 27. Kc2
Nd7 28. Bc7 Ke8 29. Kc3 Nf8 30. h4 Kd7 31. Bb8 Ne6 32. Be5 Nd8 33. Kd3 Nc6 34.
Bc3 Kd6 35. Kc2 Kc5 36. Kb3 h5 37. a3 a5 38. a4 b6 39. Bg7 Kd6 40. f4 Nd8 41.
Kc3 Nb7 42. Be5+ Kc6 43. Bd4 Nd6 44. f3 Nb7 45. Kd3 Nd8 46. Kc3 Ne6 47. Kd3 Nf8
48. Bg7 Nd7 49. Bd4 Kd6 50. Kc3 Ke6 51. Kd3 Kf7 52. Kc3 g5 53. Kd3 gxh4 54. Ke2
Ke6 55. Kf2 Kd6 56. Kg2 Nc5 57. Kh3 Nxa4 58. Kxh4 Nc5 59. Kxh5 a4 60. Bb2 Nb7
61. Kg6 Na5 62. Kxf5 Nxc4 63. Bd4 Kd5 64. Kg6 a3 65. Kf7 Nxe3 66. Ba1 e6 67. Kf6
b5 68. Bc3 Nd1 69. Ba1 b4 0-1

[Event "5th Classic Open 2013"]
[Site "London ENG"]
[Date "2013.12.09"]
[Round "3.45"]
[White "Ledger, Dave J"]
[Black "Puccini, Jack"]
[Result "1-0"]
[WhiteTitle "FM"]
[BlackTitle "CM"]
[WhiteElo "2246"]
[BlackElo "2073"]
[WhiteFideId "401986"]
[BlackFideId "3213307"]
[EventDate "2013.12.07"]

1. e4 c5 2. Nf3 d6 3. d4 cxd4 4. Nxd4 Nf6 5. Nc3 a6 6. Be3 e6 7. f3 b5 8. Qd2
Nbd7 9. g4 Nb6 10. Qf2 Nfd7 11. h4 Bb7 12. O-O-O Rc8 13. Bd3 Rxc3 14. bxc3 Qc7
15. Ne2 Na4 16. Kb1 d5 17. exd5 Bxd5 18. Bd4 e5 19. Be3 Ba3 20. Bc1 Bxc1 21.
Rxc1 Nxc3+ 22. Nxc3 Qxc3 23. Rcd1 Qb4+ 24. Kc1 Qa3+ 25. Kd2 O-O 26. Qe3 Qb4+ 27.
Ke2 Nf6 28. Kf2 e4 29. g5 Ng4+ 30. fxg4 exd3 31. Rhg1 Qd6 32. Rxd3 Qh2+ 33. Ke1
Bc6 34. Kd1 Re8 35. Qg3 Qe2+ 36. Kc1 Qe6 37. Qd6 Qc4 38. Qc7 Qe4 39. Rgd1 Re6
40. Rc3 Be8 41. Qg3 b4 42. Rc8 a5 43. h5 a4 44. Kb2 Kh8 45. Rdd8 Qe2 46. Qd3
Qe5+ 47. Qd4 Qb5 48. Rxe8+ Rxe8 49. h6 1-0

[Event "5th Classic Open 2013"]
[Site "London ENG"]
[Date "2013.12.09"]
[Round "3.46"]
[White "Britton, Richard L"]
[Black "Ditmas, Hugh"]
[Result "1-0"]
[WhiteTitle "FM"]
[WhiteElo "2231"]
[BlackElo "2034"]
[WhiteFideId "401692"]
[BlackFideId "1270666"]
[EventDate "2013.12.07"]

1. e4 c5 2. Nc3 Nc6 3. g3 g6 4. Bg2 Bg7 5. d3 d6 6. f4 e6 7. Nf3 Nge7 8. O-O O-O
9. Be3 b6 10. d4 Ba6 11. Rf2 Qc7 12. a4 Rad8 13. Nb5 Bxb5 14. axb5 Nxd4 15. Nxd4
cxd4 16. Bxd4 e5 17. Bc3 Rd7 18. f5 Bh6 19. f6 Be3 20. Bh3 Rdd8 21. fxe7 Bxf2+
22. Kxf2 Qxe7 23. Qd5 Kg7 24. Kg2 h5 25. Rf1 h4 26. Bd2 hxg3 27. hxg3 Qc7 28. c4
Qc5 29. Ra1 Qxd5 30. cxd5 Ra8 31. Bd7 a5 32. bxa6 Ra7 33. Bc6 f5 34. exf5 1-0

[Event "5th Classic Open 2013"]
[Site "London ENG"]
[Date "2013.12.09"]
[Round "3.47"]
[White "McKerracher, Douglas"]
[Black "Bird, Andrew"]
[Result "0-1"]
[WhiteElo "2010"]
[BlackElo "2229"]
[WhiteFideId "2401002"]
[BlackFideId "3204502"]
[EventDate "2013.12.07"]

1. e4 e5 2. Nf3 Nc6 3. Bb5 Nf6 4. d3 Bc5 5. Bxc6 dxc6 6. O-O Nd7 7. Nbd2 O-O 8.
Nc4 Re8 9. a4 a5 10. Bd2 b6 11. Bc3 f6 12. Re1 Ba6 13. Ne3 Bf8 14. Nf5 c5 15. b3
Nb8 16. N3h4 g6 17. Qg4 Kf7 18. Re3 Bc8 19. Rg3 gxf5 20. Qg8+ Ke7 21. exf5 Kd6
22. Qxh7 Kc6 23. Rg6 Bd6 24. Qg7 Kb7 25. Rxf6 Be7 26. Bxe5 Bxf6 27. Bxf6 Qd5 28.
Qg3 Nc6 29. Qf3 Qxf3 30. Nxf3 Bxf5 31. h3 Bxh3 0-1

[Event "5th Classic Open 2013"]
[Site "London ENG"]
[Date "2013.12.09"]
[Round "3.48"]
[White "Taylor, Peter P"]
[Black "Donovan, Nigel P"]
[Result "1-0"]
[WhiteElo "2222"]
[BlackElo "2033"]
[WhiteFideId "402478"]
[BlackFideId "403822"]
[EventDate "2013.12.07"]

1. d4 Nf6 2. Nf3 e6 3. e3 b6 4. Bd3 Bb7 5. O-O c5 6. c4 Be7 7. Nc3 cxd4 8. exd4
d5 9. cxd5 Nxd5 10. Ne5 O-O 11. Qh5 Nf6 12. Qh4 Ne4 13. Qh3 Qxd4 14. Bf4 Nf6 15.
Ne2 Qa4 16. Bg5 g6 17. Rac1 Qa5 18. f4 Qd5 19. Bc4 Qe4 20. Nc3 Qf5 21. Qh4 Bc5+
22. Kh1 Ne4 23. Bh6 Re8 24. Bd3 Qf6 25. Bg5 Nxg5 26. fxg5 Qxe5 27. Rxf7 Kxf7 28.
Qxh7+ Kf8 29. Rf1+ Qf5 30. Bxf5 Bxg2+ 31. Kxg2 exf5 32. Qh8+ Kf7 33. Qf6+ Kg8
34. Qxg6+ Kf8 35. Rxf5+ Ke7 36. Re5+ 1-0

[Event "5th Classic Open 2013"]
[Site "London ENG"]
[Date "2013.12.09"]
[Round "3.49"]
[White "Al-Hamlan, Faisal"]
[Black "Moore, Gerald"]
[Result "0-1"]
[WhiteElo "1997"]
[BlackElo "2215"]
[WhiteFideId "10300180"]
[BlackFideId "403440"]
[EventDate "2013.12.07"]

1. d4 d6 2. e4 Nf6 3. f3 g6 4. Be3 a6 5. Nc3 Nbd7 6. Qd2 b5 7. Bd3 Bb7 8. Bh6
Bxh6 9. Qxh6 c5 10. d5 c4 11. Bf1 Qa5 12. Qd2 Rc8 13. Nge2 O-O 14. Nd1 Qb6 15.
Nd4 e6 16. dxe6 fxe6 17. Nxe6 Rfe8 18. Ng5 d5 19. Nf2 dxe4 20. fxe4 Nc5 21.
O-O-O Rcd8 22. Qf4 Rxd1+ 23. Kxd1 Bxe4 24. Kc1 Bf5 25. g4 Be4 26. Rg1 Rf8 27.
Qg3 Qa5 28. Qe3 Qb6 29. Kb1 Re8 30. Ngxe4 Nfxe4 31. Bg2 Nb3 0-1

[Event "5th Classic Open 2013"]
[Site "London ENG"]
[Date "2013.12.09"]
[Round "3.51"]
[White "Steil-Antoni, Fiona"]
[Black "Taylor, William J"]
[Result "1-0"]
[WhiteTitle "WIM"]
[WhiteElo "2190"]
[BlackElo "2017"]
[WhiteFideId "4001249"]
[BlackFideId "423130"]
[EventDate "2013.12.07"]

1. e4 e5 2. Nf3 Nc6 3. Bc4 Bc5 4. b4 Bxb4 5. c3 Ba5 6. d4 exd4 7. O-O Nf6 8. e5
d5 9. exf6 dxc4 10. fxg7 Rg8 11. Re1+ Be6 12. Bg5 Qd5 13. Qa4 b5 14. Qa3 Rxg7
15. Re5 Qd6 16. Qxd6 cxd6 17. Rxb5 dxc3 18. Na3 d5 19. Bf4 Rd8 20. Ne5 a6 21.
Nxc6 axb5 22. Nxb5 Rg4 23. Be5 Bb6 24. Nxd8 Kxd8 25. Bxc3 d4 26. Bxd4 Bxd4 27.
Rd1 Bd5 28. Rxd4 Rxd4 29. Nxd4 c3 30. a3 Be4 31. f3 c2 32. Ne2 Bg6 33. Kf2 Kc7
34. Ke3 Kb6 35. Kd2 Kc5 36. Nf4 Bf5 37. g4 Bd7 38. Kxc2 Ba4+ 39. Kd3 Bc6 40. Ke3
Kd6 41. Nd3 Ke6 42. Kf4 Kf6 43. Nc5 Ke7 44. Ne4 f6 45. Ng3 Ke6 46. Nf5 Kf7 47.
Nd4 Ba4 48. h4 Kg6 49. h5+ Kf7 50. Ke4 Ke7 51. Kd5 Bd1 52. Ke4 Kd6 53. Nb5+ Kc5
54. Nc3 Bc2+ 55. Kf4 Kd6 56. a4 Bb3 57. Ne4+ Ke7 58. a5 Bc4 59. Ng3 Bd3 60. Ke3
Ba6 61. Ne4 f5 62. gxf5 Kf7 63. h6 Ke7 64. Kd4 Be2 65. f4 Bf1 66. Ke5 Bd3 67.
Ng5 1-0

[Event "5th Classic Open 2013"]
[Site "London ENG"]
[Date "2013.12.09"]
[Round "3.52"]
[White "Cannon, Raymond C"]
[Black "Ilfeld, Etan"]
[Result "0-1"]
[WhiteElo "1975"]
[BlackElo "2178"]
[WhiteFideId "408018"]
[BlackFideId "2803470"]
[EventDate "2013.12.07"]

1. e4 e5 2. Nf3 Nc6 3. Bb5 a6 4. Ba4 d6 5. d4 b5 6. Bb3 Nxd4 7. Nxd4 exd4 8. c3
Bb7 9. cxd4 Bxe4 10. O-O Be7 11. Nc3 Bb7 12. Qh5 g6 13. Qe2 c6 14. Re1 d5 15.
Qe5 f6 16. Qf4 Kf8 17. Bd2 Bd6 18. Qh4 Kg7 19. Re2 Bc8 20. Rae1 Bd7 21. a4 h5
22. f4 Nh6 23. Bc2 Bg4 24. Rf2 Nf5 25. Bxf5 Bxf5 26. Rfe2 Qd7 27. axb5 axb5 28.
h3 Rae8 29. Qf2 Kf7 30. Qf3 Rxe2 31. Rxe2 Re8 32. Rxe8 Kxe8 33. Be1 Qe6 34. Bh4
Kf7 35. Bf2 b4 36. Na4 Qe4 37. Qxe4 Bxe4 38. Be3 Be7 39. Nc5 Bc2 40. Kf2 g5 41.
fxg5 fxg5 42. Bd2 b3 43. g4 hxg4 44. hxg4 Bd1 45. Nd3 Ke6 46. Kg3 Bd6+ 47. Kh3
Be2 48. Nc5+ Kf6 49. Nd7+ Ke7 50. Ne5 Ke6 51. Bxg5 Bxe5 52. dxe5 Kxe5 53. Be7
Ke4 54. g5 Bh5 55. Kg3 Kd3 56. Kf4 Kc2 57. Bf6 c5 58. Be7 d4 59. Bxc5 d3 60. Bb4
d2 61. Bxd2 Kxd2 62. Kf5 Kc2 63. g6 Bxg6+ 0-1

[Event "5th Classic Open 2013"]
[Site "London ENG"]
[Date "2013.12.09"]
[Round "3.53"]
[White "Millward, Kevin P"]
[Black "Josse, Mark"]
[Result "1-0"]
[WhiteElo "1950"]
[BlackElo "2173"]
[WhiteFideId "404721"]
[BlackFideId "414476"]
[EventDate "2013.12.07"]

1. e4 e5 2. Nf3 Nc6 3. Bb5 Nge7 4. d4 exd4 5. Nxd4 d6 6. O-O a6 7. Nxc6 Nxc6 8.
Be2 g6 9. Nc3 Bg7 10. Nd5 O-O 11. c3 f5 12. exf5 Bxf5 13. Be3 Qd7 14. Qd2 Rae8
15. Rae1 Kh8 16. Bh6 Bxh6 17. Qxh6 Qf7 18. Qd2 Re5 19. c4 Rfe8 20. Bf3 Qg7 21.
b3 Be6 22. Nf4 Bd7 23. Nd3 R5e7 24. Rxe7 Rxe7 25. Re1 b6 26. Bxc6 Bxc6 27. Nb4
Bb7 28. h3 Re5 29. Rxe5 Qxe5 30. Nd5 Bxd5 31. cxd5 Kg7 32. f4 Qf6 33. g4 h6 34.
Kg2 Kf7 35. Qe3 a5 36. a4 Qb2+ 37. Kg3 Qf6 38. h4 h5 39. Qf3 hxg4 40. Qxg4 Qc3+
41. Qf3 Qc5 42. f5 gxf5 43. Qxf5+ Kg7 44. Kg4 Qc3 45. Kh5 Qxb3 46. Qd7+ Kf6 47.
Qe6+ Kg7 48. Qe7+ Kh8 49. Kh6 Qg3 50. Qf8+ Qg8 51. Qf6+ 1-0

[Event "5th Classic Open 2013"]
[Site "London ENG"]
[Date "2013.12.09"]
[Round "3.54"]
[White "Dydak, Mateusz"]
[Black "Bates, Caspar J"]
[Result "0-1"]
[WhiteElo "1901"]
[BlackElo "2167"]
[WhiteFideId "2612305"]
[BlackFideId "414760"]
[EventDate "2013.12.07"]

1. f4 d5 2. Nf3 e6 3. g3 c5 4. Bg2 Nc6 5. d3 Nge7 6. O-O g6 7. e4 Bg7 8. e5 b6
9. Nc3 h5 10. Nb5 O-O 11. a4 Nf5 12. Bd2 a6 13. Nc3 Bb7 14. Ne2 Qd7 15. h3 d4
16. g4 hxg4 17. hxg4 Nh6 18. g5 Nf5 19. Qe1 Nce7 20. Nh2 Kh7 21. Ng3 Nxg3 22.
Qxg3 Rh8 23. Be4 Kg8 24. Qg2 Bxe4 25. dxe4 Rd8 26. Ng4 Qc6 27. Kf2 Rh4 28. Kg3
Nf5+ 29. Kf2 Rxg4 30. Qxg4 Qxe4 31. Rac1 d3 32. Qf3 Qd4+ 33. Ke1 dxc2 34. Rxc2
Qxa4 35. Rc3 Nd4 36. Qd3 Nc6 37. Ra3 Rxd3 38. Rxa4 a5 39. Ra3 Rd8 40. Be3 Bf8
41. Rb3 Nb4 42. Ke2 a4 43. Rc3 Nd5 44. Rc2 Rc8 45. Bd2 b5 46. Kd1 c4 47. Rf3 Ra8
48. Bc1 Rd8 49. Ke2 Nb4 50. Rd2 Nd3 51. Rdxd3 Rxd3 52. Rxd3 cxd3+ 53. Kxd3 Bc5
54. Be3 Be7 55. Kc3 Kf8 56. b3 axb3 57. Kxb3 Ke8 58. Ba7 Kd7 59. Be3 Kc6 60. Kc3
Kd5 61. Kd3 Bc5 62. Bd2 Bg1 63. Kc3 Ke4 64. Kb4 Bh2 65. Kxb5 Bxf4 66. Be1 Bxg5 0-1

[Event "5th Classic Open 2013"]
[Site "London ENG"]
[Date "2013.12.09"]
[Round "3.55"]
[White "Bao, Qilin"]
[Black "Acosta, Mariano USA"]
[Result "1-0"]
[WhiteElo "2166"]
[BlackElo "1991"]
[WhiteFideId "8605750"]
[BlackFideId "2008629"]
[EventDate "2013.12.07"]

1. e4 e5 2. Nc3 Nf6 3. g3 Bc5 4. Bg2 d6 5. Nge2 Nc6 6. Na4 Bb6 7. O-O h5 8. Nxb6
axb6 9. h3 h4 10. g4 g5 11. d4 Nh7 12. c4 f6 13. Be3 Nf8 14. d5 Nb8 15. b4 Na6
16. Qb3 Ng6 17. Rfc1 Nf4 18. Bf1 Bd7 19. f3 c5 20. dxc6 bxc6 21. Rd1 Qc7 22. Nc3
Be6 23. Qb2 O-O 24. a3 Ng6 25. Qf2 Rfb8 26. Na4 c5 27. b5 Qd7 28. bxa6 Qxa4 29.
Rxd6 Kf7 30. Rb1 Qxa3 31. Rbxb6 Rxb6 32. Rxb6 Rxa6 33. Rb7+ Kg8 34. Bxc5 Qa1 35.
Qb2 Bxc4 36. Rb8+ Kg7 37. Qb7+ Kh6 38. Rh8+ 1-0

[Event "5th Classic Open 2013"]
[Site "London ENG"]
[Date "2013.12.09"]
[Round "3.56"]
[White "Mende, Andreas"]
[Black "Wood, Peter R"]
[Result "1-0"]
[WhiteTitle "CM"]
[WhiteElo "2161"]
[BlackElo "1970"]
[WhiteFideId "4631102"]
[BlackFideId "422215"]
[EventDate "2013.12.07"]

1. d4 e6 2. c4 f5 3. Nf3 Nf6 4. g3 Be7 5. Bg2 d6 6. O-O O-O 7. Nc3 Ne4 8. Nxe4
fxe4 9. Nd2 d5 10. f3 exf3 11. Nxf3 Nc6 12. b3 b6 13. Bb2 Bb7 14. Bh3 Qd6 15.
Rc1 Bf6 16. c5 bxc5 17. Ba3 Qd7 18. Bxc5 Rfe8 19. b4 Ba6 20. a4 Bc4 21. b5 Na5
22. Bb4 Nb7 23. Ne5 Bxe5 24. dxe5 Rad8 25. Bg2 c5 26. Bd2 Qc7 27. Rf4 Na5 28.
Rb1 Rb8 29. Qc2 a6 30. Qc3 Nc6 31. Rxc4 dxc4 32. Bxc6 Red8 33. Be3 axb5 34. axb5
Qb6 35. Qxc4 1-0

[Event "5th Classic Open 2013"]
[Site "London ENG"]
[Date "2013.12.09"]
[Round "3.57"]
[White "Ethelontis, Alexandros N"]
[Black "Nettleton, Charlie B"]
[Result "1-0"]
[WhiteElo "2158"]
[BlackElo "1913"]
[WhiteFideId "405469"]
[BlackFideId "419710"]
[EventDate "2013.12.07"]

1. c4 Nf6 2. g3 g6 3. Bg2 Bg7 4. Nc3 O-O 5. d3 d6 6. Bg5 Nbd7 7. Nf3 c6 8. O-O
h6 9. Bd2 Nh5 10. Rb1 e5 11. b4 f5 12. b5 Qc7 13. bxc6 bxc6 14. Nh4 g5 15. Nxf5
Rxf5 16. g4 Rf8 17. gxh5 Nc5 18. Ne4 Nxe4 19. Bxe4 Bh3 20. Bg2 Bg4 21. Be3 Rab8
22. Qd2 Qd7 23. Rb3 Rxb3 24. axb3 Bh3 25. f3 d5 26. cxd5 cxd5 27. Qa5 Bxg2 28.
Kxg2 e4 29. dxe4 dxe4 30. Qxa7 exf3+ 31. exf3 Qd5 32. Qa4 Rc8 33. Rf2 Rc3 34.
Qe8+ Kh7 35. Qg6+ Kh8 36. Qe8+ Qg8 37. Qe4 Rxb3 38. Rc2 Rb8 39. Rc7 Qe8 40. Re7
Qd8 41. h4 Rb2+ 42. Bf2 Qd6 43. hxg5 hxg5 44. h6 Rxf2+ 45. Kxf2 Qh2+ 46. Kf1
Qxh6 47. Re8+ Bf8 48. Qe5+ Kg8 49. Qe6+ Qxe6 50. Rxe6 Kf7 51. Ra6 Bb4 52. Kg2
Bd2 53. Kh3 Bf4 54. Kg4 Bc1 55. Kf5 Be3 56. Rg6 Bf4 57. Rxg5 Bxg5 58. Kxg5 Kg7
59. f4 Kf7 60. Kf5 Ke7 61. Kg6 Kf8 62. f5 Kg8 63. f6 Kh8 64. Kf7 1-0

[Event "5th Classic Open 2013"]
[Site "London ENG"]
[Date "2013.12.09"]
[Round "3.58"]
[White "Baterdene, Tsogbayar"]
[Black "Ociepka, Adrian"]
[Result "1-0"]
[WhiteElo "1816"]
[BlackElo "2157"]
[WhiteFideId "4901592"]
[BlackFideId "1141937"]
[EventDate "2013.12.07"]

1. e4 c5 2. Nf3 d6 3. d4 cxd4 4. Nxd4 Nf6 5. Nc3 a6 6. Be2 e6 7. O-O Be7 8. f4
Qc7 9. Kh1 O-O 10. Be3 Nc6 11. Qe1 Bd7 12. Qg3 b5 13. a3 Nxd4 14. Bxd4 Bc6 15.
Rae1 Rac8 16. e5 Ne8 17. Bd3 g6 18. f5 exf5 19. Bxf5 Rd8 20. e6 Ng7 21. Qg4 Nxf5
22. Rxf5 fxe6 23. Rxe6 Be8 24. Nd5 Rxf5 25. Nxc7 Rf1+ 26. Bg1 Bd7 27. Qe2 Bxe6
28. Nxe6 1-0

[Event "5th Classic Open 2013"]
[Site "London ENG"]
[Date "2013.12.09"]
[Round "3.59"]
[White "Willmoth, Robert F"]
[Black "McCarthy, Damian"]
[Result "1-0"]
[WhiteElo "2157"]
[BlackElo "1905"]
[WhiteFideId "402540"]
[BlackFideId "422240"]
[EventDate "2013.12.07"]

1. Nf3 d5 2. b3 Bg4 3. Bb2 Bxf3 4. exf3 e6 5. g3 Nf6 6. Bg2 g6 7. O-O Bg7 8. d3
O-O 9. Nd2 c5 10. f4 Nc6 11. Nf3 Nd7 12. Bxg7 Kxg7 13. d4 Qb6 14. dxc5 Qxc5 15.
c4 Nb6 16. cxd5 Nxd5 17. Qe2 Rac8 18. Ng5 Rfd8 19. Qxe6 Rc7 20. Qxf7+ Rxf7 21.
Ne6+ Kg8 22. Nxc5 1-0

[Event "5th Classic Open 2013"]
[Site "London ENG"]
[Date "2013.12.09"]
[Round "3.60"]
[White "Williamson, Roger G"]
[Black "Opasiak, Dustin Tennessee"]
[Result "1/2-1/2"]
[WhiteElo "2150"]
[BlackElo "1796"]
[WhiteFideId "414620"]
[BlackFideId "24630217"]
[EventDate "2013.12.07"]

1. d4 c5 2. d5 e5 3. e4 d6 4. Bb5+ Nd7 5. a4 Nf6 6. Nc3 Be7 7. Nf3 O-O 8. O-O
Ne8 9. Be3 g6 10. Nd2 Bg5 11. Bxg5 Qxg5 12. a5 Nb8 13. Nc4 Bd7 14. Bxd7 Nxd7 15.
a6 b6 16. Nb5 Qe7 17. Qd3 Ndf6 18. g3 Qd7 19. Nca3 Nc7 20. Nxc7 Qxc7 21. c4 Qe7
22. f3 Ne8 23. f4 Nc7 24. Nc2 Rab8 25. b4 f6 26. Kg2 Kg7 27. f5 g5 28. h4 h6 29.
Rh1 Rh8 30. b5 Rh7 31. Ne3 Qf7 32. Rh3 Rbh8 33. Rah1 Qe8 34. Qe2 Qf7 35. g4 Qe8
36. Nf1 Qf7 37. Ng3 Ne8 38. R1h2 Kg8 39. Qe1 Qg7 40. Nh5 Qf7 41. Qh1 Qe7 42. Kf3
Qf7 43. Kf2 Qe7 44. Ng3 Qg7 45. Ne2 Qe7 46. Ng1 Qg7 47. Nf3 Qe7 48. Qc1 Qg7 49.
Qg1 Qf7 50. Nd2 Qe7 51. Nf1 Qf7 52. Ng3 Qg7 53. Ke1 Qf7 54. Qh1 Qg7 55. Kd1 Qf7
56. Ne2 Qg7 57. Qe1 Qe7 58. Qd2 Qg7 59. Ng1 Qe7 60. Nf3 Qg7 61. Qe2 Qe7 62. Nd2
Qg7 63. Nf1 Qe7 64. Ne3 Qf7 65. hxg5 hxg5 66. Rh5 Ng7 67. Rxh7 Rxh7 68. Rxh7
Kxh7 69. Qh2+ Kg8 70. Qh6 Ne8 71. Qg6+ Kf8 72. Nf1 Qxg6 73. fxg6 Kg7 74. Ng3
Kxg6 75. Nf5 Kf7 76. Ke2 Kf8 1/2-1/2

[Event "5th Classic Open 2013"]
[Site "London ENG"]
[Date "2013.12.09"]
[Round "3.61"]
[White "Bratteteig, Tore-Inge"]
[Black "Green, Andrew D"]
[Result "0-1"]
[WhiteElo "1696"]
[BlackElo "2148"]
[WhiteFideId "1510711"]
[BlackFideId "2401762"]
[EventDate "2013.12.07"]

1. d4 Nf6 2. Nf3 c5 3. d5 b5 4. a4 b4 5. e3 g6 6. b3 Bg7 7. Bb2 O-O 8. Bc4 Bb7
9. Qd3 e6 10. dxe6 fxe6 11. Qd1 d5 12. Be2 Nc6 13. O-O Qd6 14. Nbd2 Rad8 15. Qc1
e5 16. c3 e4 17. Ne1 Bc8 18. Nc2 Ng4 19. Bxg4 bxc3 20. Bxc3 Bxc3 21. Be2 Bxa1
22. Qxa1 a5 23. Rc1 Ne5 24. Qc3 Qf6 25. Qxa5 Qxf2+ 0-1